Largest German Companies - Statistics

General Stats
  • This quiz has been taken 198 times
  • The average score is 5 of 15
Answer Stats
Revenue(in USD Millions) Industry Company % Correct
278,342 Automotive Volkswagen
96%
115,042 Automotive BMW
93%
170,930 Insurance Allianz
55%
98,802 Conglomerate Siemens
48%
92,602 Automotive Parts Bosch
42%
52,004 Transportation Deutsche Bahn
41%
78,799 Chemicals BASF
35%
89,286 Telecommunications Deutsche Telekom
27%
75,001 Transportation Deutsche Post
17%
56,017 Electric Utility RWE
15%
197,515 Automotive Daimler AG
9%
50,856 Conglomerate ThyssenKrupp
8%
67,226 Insurance Munich Re
7%
92,260 Electric Utility Uniper
4%
52,404 Automotive Parts Continental AG
1%
No matching quizzes found
Score Distribution
Percent of People with Each Score
Percentile by Number Answered
Your Score History
You have not taken this quiz